000 00681nam a2200289Ia 4500
005 20260324144618.0
008 008 260324s9999 xx 000 0 eng d
020 _a9780203835340
037 _aEBOOK
040 _aCRL
040 _beng
040 _cCRL
041 _2eng
041 _aeng
084 _qCRL
100 _aPeter Preston
_91181277
245 0 _aRethinking Development
245 0 _bEssays on Development and Southeast Asia
260 _bTaylor and Francis
260 _c1987
365 _a
365 _b240
856 _uhttp://www.taylorfrancis.com/books/9780203835340
942 _cEBOOK
999 _c1826786
_d1826786